000 00492nam a22001937a 4500
005 20160727145935.0
008 160727b xxu||||| |||| 00| 0 eng d
020 _a9788126702497
_c60.00
040 _aLoreto College
041 _aHindi
082 _a891.433
_bSIN
100 _aSingh,Kashinath
245 _aPratinidhi kahaniyan
_cKashinath Singh
260 _aNew Delhi
_bRajkamal Prakashan
_c2015
300 _a151p
_b18cm
650 _aFiction-Hindi
850 _aLCLIB
942 _cBK
999 _c40696
_d91175